Statistiques concernant Pays les plus proches de Brésil par deux premières lettres

Cliquez ici pour prendre le quiz!

Statistiques générales

  • Ce quiz a été pris 165 fois
  • Le résultat moyen est 13 sur 20

Statistiques - réponses

kmpays% Correct
0Argentine
95%
0Uruguay
94%
0Colombie
91%
1067Panama
91%
0Paraguay
91%
713Chili
89%
0Pérou
86%
0Guyana
84%
0Venezuela
83%
0Bolivie
81%
0Suriname
78%
489Équateur
70%
1340Saint-Christophe-
et-Niévès
46%
948Sainte-Lucie
46%
826Saint-Vincent-et-
les-Grenadines
46%
542Trinité-et-Tobago
36%
868Barbade
33%
762Grenade
32%
1318Antigua-et-Barbuda
29%
1117Dominique
24%

Distribution des résultats

Percentile par nombre de réponses

% des personnes avec chaque résultat

Votre développement - résultats

Vous n’avez pas pris ce quiz